|
|
|
|
| LEADER |
00000nab a2200000 a 4500 |
| 001 |
vtls008956061 |
| 003 |
SK-MaSNL |
| 005 |
20260303070357.0 |
| 008 |
140328c2007 xo zr|p|||||||000 b|slo |
| 015 |
|
|
|a SNBRB2007/03
|2 snkbucl
|
| 038 |
|
|
|a SNKBUCL
|
| 040 |
|
|
|a SNKBUCL
|b slo
|c SNKBUCL
|e AACR2
|
| 041 |
0 |
|
|a slo
|
| 044 |
|
|
|a xo
|c SK
|
| 080 |
|
|
|a 691.421:728
|2 2001
|
| 100 |
1 |
|
|a Hajtmaník, Marián
|4 aut
|9 1062843
|
| 245 |
1 |
0 |
|a Bytové domy z tehlového systému POROTHERM
|c Marián Hajtmaník
|
| 300 |
|
|
|b Fotogr.
|
| 650 |
0 |
7 |
|a bytové domy
|2 snkbucl
|9 31781
|
| 650 |
0 |
7 |
|a Porotherm (stavebný tehlový systém)
|2 snkbucl
|9 918961
|
| 773 |
0 |
|
|t ASB
|g Roč. XIV, č. 3 (2007), s. 74-75
|x 1335-1230
|
| 852 |
|
|
|a SNK
|b KIS3GCP
|
| 999 |
|
|
|c 1755090
|d 1757020
|